| 000 | 01061 a2200277 4500 | ||
|---|---|---|---|
| 999 |
_c1567 _d1567 |
||
| 020 | _a9781779223418 | ||
| 020 | _a9781779223418 | ||
| 020 | _a9780797494947 | ||
| 020 | _a1779223412 | ||
| 020 | _a0797494944 | ||
| 050 | 0 | 0 | _aHD6871 SAC 2018 |
| 100 | 1 |
_aSachikonye, L. M., _eauthor. |
|
| 245 | 1 | 0 |
_aBuilding from the rubble : _bthe labour movement in Zimbabwe since 2000 / _cBrian Raftopoulos and Godfrey Kanyenze. |
| 264 | 1 |
_aAvondale, Harare [Zimbabwe] : _bWeaver Press ; _aBelgravia, Harare, Zimbabwe : _bFriedrich-Ebert-Stiftung, _c2018. |
|
| 300 |
_axi, 262 pages : _billustrations ; |
||
| 500 | _aA Friedrich-Ebert-Stiftung Published | ||
| 504 | _aIncludes bibliographical references (pages 249-262). | ||
| 650 | 0 |
_aLabor unions _xHistory. |
|
| 650 | 0 |
_aLabor movement _xHistory. |
|
| 650 | 0 |
_aSocial movements _xHistory. |
|
| 650 | 0 |
_aWorking class _xHistory. |
|
| 700 | 1 |
_aRaftopoulos, Brian, _eauthor. |
|
| 700 | 1 |
_aKanyenze, Godfrey, _eauthor. |
|
| 942 |
_2lcc _cBK _h6871 _iSAC _kHD |
||